| 000 | 00559nam a2200193Ia 4500 | ||
|---|---|---|---|
| 005 | 20250508162436.0 | ||
| 008 | 008 250505s9999 xx 000 0 eng d | ||
| 037 | _aTextual | ||
| 040 |
_aFEDL _beng _cFEDL |
||
| 041 |
_aeng _2eng |
||
| 084 |
_a181.41, MAJ _qFEDL |
||
| 100 | _aMajumdar Abhay Kumar | ||
| 245 | 0 | _aSankhya conception of personality | |
| 260 |
_aDelhi, India _bBharatiya Book Corporation _c1981 |
||
| 300 | _axvi,158p. | ||
| 650 |
_aOriental Philosophy _9755543 |
||
| 942 |
_cTEXL _h181.41, MAJ |
||
| 999 |
_c1376574 _d1376574 |
||